Geography Quiz

Random Geography or City Quiz

The Most Populous Cities in Scotland Quiz Stats

 Plays Quiz Updated Aug 29, 2018

Score 0/20 Timer 09:00
7 Plays Today
Rank City/Town % Correct
1Glasgow
98.3%
2Edinburgh
97.4%
3Aberdeen
89.3%
4Dundee
79.2%
7Inverness
78.1%
14Perth
63.2%
13Ayr
48.6%
20Stirling
45.2%
5Paisley
43.3%
15Kilmarnock
41.9%
Rank City/Town % Correct
8Livingston
39.2%
11Dunfermline
37.2%
9Hamilton
36.6%
18Glenrothes
30.2%
6East Kilbride
30.1%
17Greenock
28.6%
12Kirkcaldy
28.3%
10Cumbernauld
26.3%
19Airdrie
20.9%
16Coatbridge
16.8%

You're not logged in!

Compare scores with friends on all Sporcle quizzes.
OR
Log In

Sporcle TV

Today on Sporcle TV


Watch our educational content, quiz creation guides, and fun videos on Sporcle TV.

Show Comments

Extras

Top Quizzes Today


Score Distribution

Your Account Isn't Verified!

In order to create a playlist on Sporcle, you need to verify the email address you used during registration. Go to your Sporcle Settings to finish the process.

Report this User

Report this user for behavior that violates our Community Guidelines.

Details: